logo

Bir Sreshtho Munshi Abdur Rouf Library
Jhenaidah Cadet College

শেরে বাংলা / (Record no. 9606)

MARC details
000 -LEADER
fixed length control field 00626nam a2200217 a 4500
001 - CONTROL NUMBER
JCCL Control Number 9606
003 - CONTROL NUMBER IDENTIFIER
JCCL marc code BD-JhCC
005 - DATE AND TIME OF LATEST TRANSACTION
control field 20180320173506.0
008 - FIXED-LENGTH DATA ELEMENTS--GENERAL INFORMATION
fixed length control field 180320s13691374bg a|||| |a|| 000 0 b d
035 ## - SYSTEM CONTROL NUMBER
system control number (BD-JhCC)9606
040 ## - CATALOGING SOURCE
Original cataloging agency BD-JhCC
Modifying agency BD-JhCC
041 ## - LANGUAGE CODE
Language code of Book ben
082 ## - DEWEY DECIMAL CLASSIFICATION NUMBER
Classification number 923.2547
Author mark and Year HAB 1374
100 ## - MAIN ENTRY--PERSONAL NAME
Personal name হাবিবুল্লাহ, বি.ডি
245 ## - TITLE STATEMENT
Title শেরে বাংলা /
Statement of responsibility, etc বি.ডি. হাবিবুল্লাহ
260 ## - PUBLICATION, DISTRIBUTION, ETC. (IMPRINT)
Place of publication, distribution, etc বরিশাল:
Name of publisher, distributor, etc বুক হাউস;
Date of publication, distribution, etc 1374.
300 ## - PHYSICAL DESCRIPTION
Pagination 216 p. :
Dimensions 21 cm.
651 ## - SUBJECT ADDED ENTRY--GEOGRAPHIC NAME
Geographic name Biography
942 ## - ADDED ENTRY ELEMENTS (KOHA)
Source of classification or shelving scheme Dewey Decimal Classification
Koha item type Books
Holdings
Source of classification or shelving scheme Damaged status Not for loan Home library Current library Shelving location Date of accession Cost, normal purchase price Total Checkouts Full call number Barcode Date last seen Copy number Koha item type
Dewey Decimal Classification     JCC Rouf Library JCC Rouf Library General Stacks 03/20/2018 5.50   923.2547 HAB 1374 12651 03/20/2018 C-2 Books

JCC Library | Contacts | JCC Home

Last Update on 23 September 2017
Copyright @ 2017-2020 JCC Rouf Library
Rouf Library, Jhenidah Cadet College (JCC), Bangladesh